00773cam a22002053a 450000100060000000300060000600500170001200800410002904000150007004200070008505000090009210000390010124502660014026000290040650600300043551600200046565300110048583000290049685600420052529795PGUSA20140828083638.0090825s2009||||xxu|||||s|||||000 p eng d aPGUSAbeng adc 4aF0011 aCawein, Madison Julius,d1865-191413aAn Ode :bRead August 15, 1907, at the dedication of the monument erected at Gloucester, Massachusetts, in commemoration of the founding of the Massachusetts Bay colony in the year sixteen hundred and twenty-threeh[electronic resource] /cMadison Julius Cawein bProject Gutenberg,c2009 aPublic domain in the USA. aElectronic text aPoetry 0aProject Gutenbergv2979540uhttp://www.gutenberg.org/ebooks/29795